Los símbolos bíblicos

I tiakina i:
Ngā taipitopito rārangi puna kōrero
Kaituhi matua: Cocagnac, Maurice de (Author)
Hōputu: Pukapuka
Reo:Pāniora
I whakaputaina: Bilbao Desclée De Brouwer 1994
Ngā marau:
Ngā Tūtohu: Tāpirihia he Tūtohu
Kāore He Tūtohu, Me noho koe te mea tuatahi ki te tūtohu i tēnei pūkete!

MARC

LEADER 00000nam a2200000 a 4500
001 UCS3205
003 CL-VaPUC
008 970620e19940000SP |||||||||||||||||spa|d
082 0 4 |a 220.3  |b COC  |2 21 
100 0 |a Cocagnac, Maurice de  |e author  |9 498004 
245 1 4 |a Los símbolos bíblicos 
300 |a 456 p 
942 |c BK 
945 |d 19970620 00:00:00  |a aalvarez 
260 |a Bilbao  |b Desclée De Brouwer  |c 1994 
650 0 |a Símbolos  |9 267425 
650 0 |a Biblia  |9 257603 
650 0 |a Simbolismo  |9 267046 
650 0 |a Diccionarios  |9 256200 
583 |a last modification  |c 19970620 00:00:00  |k Rodrigo Vera 
999 |c 315973  |d 315971 
952 |0 0  |1 0  |4 0  |6 220_300000000000000_COC_1994  |7 0  |8 F  |9 389883  |a BIBTEO  |b BIBTEO  |d 2019-11-22  |i 3308650  |l 1  |o 220.3 COC 1994  |p 3308650  |r 2025-01-17  |s 2023-11-24  |w 2019-11-22  |y BK_F  |k ICR